<?xml version="1.0" encoding="UTF-8"?><?xml-stylesheet type="text/xsl" href="static/style.xsl"?><OAI-PMH xmlns="http://www.openarchives.org/OAI/2.0/" xmlns:xsi="http://www.w3.org/2001/XMLSchema-instance" xsi:schemaLocation="http://www.openarchives.org/OAI/2.0/ http://www.openarchives.org/OAI/2.0/OAI-PMH.xsd"><responseDate>2026-04-13T07:12:46Z</responseDate><request verb="GetRecord" identifier="oai:www.recercat.cat:20.500.14342/2265" metadataPrefix="marc">https://recercat.cat/oai/request</request><GetRecord><record><header><identifier>oai:recercat.cat:20.500.14342/2265</identifier><datestamp>2025-03-11T20:21:24Z</datestamp><setSpec>com_2072_482405</setSpec><setSpec>com_2072_183628</setSpec><setSpec>col_2072_482411</setSpec></header><metadata><record xmlns="http://www.loc.gov/MARC21/slim" xmlns:dcterms="http://purl.org/dc/terms/" xmlns:xsi="http://www.w3.org/2001/XMLSchema-instance" xmlns:doc="http://www.lyncode.com/xoai" xsi:schemaLocation="http://www.loc.gov/MARC21/slim http://www.loc.gov/standards/marcxml/schema/MARC21slim.xsd">
   <leader>00925njm 22002777a 4500</leader>
   <datafield ind2=" " ind1=" " tag="042">
      <subfield code="a">dc</subfield>
   </datafield>
   <datafield ind2=" " ind1=" " tag="720">
      <subfield code="a">Abadia i Naudí, Sixte</subfield>
      <subfield code="e">author</subfield>
   </datafield>
   <datafield ind2=" " ind1=" " tag="260">
      <subfield code="c">2004</subfield>
   </datafield>
   <datafield ind2=" " ind1=" " tag="520">
      <subfield code="a">En el mes de julio del 2003 la ciudad de Barcelona acogió los X Campeonatos del Mundo de Natación organizados por la Federación Internacional de Natación (FINA), con un éxito de participación sin precedentes –2.015 nadadores de 157 países– donde se batieron catorce récords mundiales en las cinco modalidades acuáticas disputadas. Este acontecimiento deportivo, el de mayor relevancia para la ciudad de Barcelona desde la Olimpíada de 1992, contó con la colaboración de 1.300 voluntarios llegados de toda Cataluña y del resto de España. Tanto las 4.500 inscripciones recibidas de interesados en participar como voluntarios de los Campeonatos, como las relevantes y variadas tareas llevadas a cabo por los seleccionados, hicieron de este evento un marco idóneo para el análisis del perfil del voluntariado que participó en acontecimientos deportivos, mediante cinco indicadores –edad, sexo, procedencia, nivel de estudios y profesión–. Fue en la edad donde se observaron más diferencias, tanto entre los voluntarios de los Campeonatos del Mundo (aspirantes y seleccionados) como entre el voluntariado catalán.</subfield>
   </datafield>
   <datafield ind1="8" ind2=" " tag="024">
      <subfield code="a">http://hdl.handle.net/20.500.14342/2265</subfield>
   </datafield>
   <datafield tag="653" ind2=" " ind1=" ">
      <subfield code="a">X FINA Campionats del Món de Natació barcelona03</subfield>
   </datafield>
   <datafield tag="653" ind2=" " ind1=" ">
      <subfield code="a">Voluntaris</subfield>
   </datafield>
   <datafield tag="653" ind2=" " ind1=" ">
      <subfield code="a">Natació -- Competicions</subfield>
   </datafield>
   <datafield ind2="0" ind1="0" tag="245">
      <subfield code="a">El perfil del voluntari dels “X FINA Campionats del Món de Natació barcelona03”</subfield>
   </datafield>
</record></metadata></record></GetRecord></OAI-PMH>